000 00735cam a2200241 a 4500
001 12490226
005 20180309073354.0
008 010801s2002 maua b 001 0 eng
010 _a 2001131546
020 _a0618102183
040 _aDLC
_cDLC
_dDLC
041 _aeng
043 _an-us---
080 _a372.40973 BUR
082 0 0 _a372.40973 BUR
_221
100 1 _a25
101 _aEDU
245 1 0 _aTeaching reading in today's elementary schools /
_cPaul C. Burns, Betty D. Roe, Sandy H. Smith.
504 _aIncludes bibliographical references (p. 547-576) and index.
906 _a7
_bcbc
_corigcop
_d3
_encip
_f20
_gy-gencatlg
942 _2ddc
_cBK
999 _c44583
_d44583